| 000 | 01089nam a2200229 i 4500 | ||
|---|---|---|---|
| 001 | 181712 | ||
| 003 | ES-MaACL | ||
| 005 | 20260201162720.0 | ||
| 008 | 130319s1918 sp f |||| ||spa d | ||
| 080 | _a904(460.352 Santa Elena) | ||
| 100 | 1 |
_aCalvo y Sánchez, Ignacio, _d1864-1930 _933910 |
|
| 245 | 1 | 0 |
_aExcavaciones en la cueva y collado de los Jardines (Santa Elena-Jaen) _b: memoria de los trabajos realizados en la campaña de 1917 / _credactada por los Delegados Directores D. Ignacio Calvo y D. Juan Cabré. |
| 260 |
_aMadrid : _b[s.n.], _c1918 ( _fTip. de la "Revista de Arch. Bibl. y Museos") |
||
| 300 |
_a62 p., XXVIII h. de lám. ; _c24 cm. |
||
| 490 | 1 |
_aJunta Superior de Excavaciones y Antigüedades ; _v2 [1917] |
|
| 651 | 4 |
_aSanta Elena- _xRestos arqueológicos. _9152472 |
|
| 700 | 1 |
_aCabré Aguiló, Juan, _d1882-1947 _933266 |
|
| 710 | 2 |
_aEspaña. _bJunta Superior de Excavaciones y Antigüedades. _9152463 |
|
| 830 | 0 |
_aJunta Superior de Excavaciones y Antigüedades ; _v2 [1917] _9191570 |
|
| 852 |
_aES-MaACL _jE-3369(2) |
||
| 999 |
_c181712 _d181712 |
||